Ochranné známky

Vyhláška Úradu priemyselného vlastníctva Slovenskej republiky č.117/1997 Z.z., ktorou sa vykonáva zákon č.55/1997 Z.z. o ochranných známkach.

Gespeichert in:
Bibliographische Detailangaben
Format: Buchkapitel
Sprache:Slowakisch
Schlagworte:
Tags: Tag hinzufügen
Keine Tags, Fügen Sie das erste Tag hinzu!

MARC

LEADER 00000naa a2200000 4500
001 r027087
005 20230919112700.3
041 0 |a slo 
044 |a SK 
245 1 0 |a Ochranné známky 
520 |a Vyhláška Úradu priemyselného vlastníctva Slovenskej republiky č.117/1997 Z.z., ktorou sa vykonáva zákon č.55/1997 Z.z. o ochranných známkach. 
610 2 0 |a vyhlášky 
610 2 0 |a Úrad priemyselného vlastníctva SR Banská Bystrica 
610 2 0 |a 1997 
610 2 0 |a zákony 
610 2 0 |a známky ochranné 
610 2 0 |a Slovensko